Introducción a los mercados de futuros y opciones
Saved in:
| Hovedforfatter: | |
|---|---|
| Format: | Bog |
| Sprog: | spansk |
| Udgivet: |
Madrid
Pearson Educación
2002
|
| Udgivelse: | 4a. ed |
| Fag: | |
| Tags: |
Tilføj Tag
Ingen Tags, Vær først til at tagge denne postø!
|
MARC
| LEADER | 00000nam a2200000 a 4500 | ||
|---|---|---|---|
| 001 | UCM9399 | ||
| 003 | CL-VaPUC | ||
| 008 | 030425e20020000SP |||||||||||||||||spa|d | ||
| 020 | |a 8420533866 | ||
| 082 | 0 | 4 | |a 332.632 |b HUL |2 21 |
| 100 | |a Hull, John C |e author |9 582887 | ||
| 245 | 1 | 0 | |a Introducción a los mercados de futuros y opciones |
| 250 | |a 4a. ed | ||
| 300 | |a 560 p | ||
| 942 | |c BK | ||
| 945 | |d 20030425 00:00:00 |a vberengu | ||
| 260 | |a Madrid |b Pearson Educación |c 2002 | ||
| 500 | |a Incluye cd rom | ||
| 650 | 0 | |a Mercado de futuros |9 410318 | |
| 650 | 0 | |a Instrumentos financieros |9 410319 | |
| 650 | 0 | |a Inversiones |9 261520 | |
| 583 | |a last modification |c 20030425 00:00:00 |k Rodrigo Vera | ||
| 999 | |c 303669 |d 303667 | ||
| 952 | |0 0 |1 0 |4 0 |6 332_632000000000000_HUL_2002 |7 0 |8 R |9 365136 |a BIBENE |b BIBENE |d 2019-11-21 |i 389925K |o 332.632 HUL 2002 |p 389925K |r 2025-01-15 |w 2019-11-21 |y BK_R |k ICO | ||
| 952 | |0 0 |1 0 |4 0 |6 332_632000000000000_HUL_2002 |7 0 |8 R |9 365137 |a BIBENE |b BIBENE |d 2019-11-21 |i 3899268 |o 332.632 HUL 2002 |p 3899268 |r 2025-01-15 |w 2019-11-21 |y BK_R |k ICO | ||
| 952 | |0 0 |1 0 |4 0 |6 332_632000000000000_HUL_2002 |7 0 |8 R |9 365138 |a BIBENE |b BIBENE |d 2019-11-21 |i 3899276 |o 332.632 HUL 2002 |p 3899276 |r 2025-01-15 |w 2019-11-21 |y BK_R |k ICO | ||
| 952 | |0 0 |1 0 |4 0 |6 332_632000000000000_HUL_2002 |7 0 |8 R |9 365139 |a BIBENE |b BIBENE |d 2019-11-21 |i 3899284 |o 332.632 HUL 2002 |p 3899284 |r 2025-01-15 |w 2019-11-21 |y BK_R |k ICO | ||
| 952 | |0 0 |1 0 |4 0 |6 332_632000000000000_HUL_2002 |7 0 |8 R |9 365140 |a BIBGIM |b BIBGIM |d 2019-11-21 |i 4045467 |o 332.632 HUL 2002 |p 4045467 |r 2025-01-15 |w 2019-11-21 |y BK_R |k COM | ||
| 952 | |0 0 |1 0 |4 0 |6 332_632000000000000_HUL_2002 |7 0 |8 R |9 365141 |a BIBGIM |b BIBGIM |d 2019-11-21 |i 4045475 |o 332.632 HUL 2002 |p 4045475 |r 2025-01-15 |w 2019-11-21 |y BK_R |k COM | ||
| 952 | |0 0 |1 0 |4 0 |6 332_632000000000000_HUL_2002 |7 0 |8 R |9 365142 |a BIBGIM |b BIBGIM |d 2019-11-21 |i 4045483 |o 332.632 HUL 2002 |p 4045483 |r 2025-01-15 |w 2019-11-21 |y BK_R |k COM | ||
| 952 | |0 0 |1 0 |4 0 |6 332_632000000000000_HUL_2002 |7 0 |8 R |9 365143 |a BIBGIM |b BIBGIM |d 2019-11-21 |i 4045491 |o 332.632 HUL 2002 |p 4045491 |r 2025-01-15 |w 2019-11-21 |y BK_R |k COM | ||
| 952 | |0 0 |1 0 |4 0 |6 332_632000000000000_HUL_2002 |7 0 |8 R |9 365144 |a BIBGIM |b BIBGIM |d 2019-11-21 |i 4045505 |o 332.632 HUL 2002 |p 4045505 |r 2025-01-15 |w 2019-11-21 |y BK_R |k COM | ||
| 952 | |0 0 |1 0 |4 0 |6 332_632000000000000_HUL_2002 |7 0 |8 R |9 365145 |a BIBGIM |b BIBGIM |d 2019-11-21 |i 4045513 |o 332.632 HUL 2002 |p 4045513 |r 2025-01-15 |w 2019-11-21 |y BK_R |k COM | ||
| 952 | |0 0 |1 0 |4 0 |6 332_632000000000000_HUL_2002 |7 0 |8 R |9 365146 |a BIBGIM |b BIBGIM |d 2019-11-21 |i 4191196 |l 1 |o 332.632 HUL 2002 |p 4191196 |r 2025-01-15 |s 2024-09-05 |w 2019-11-21 |y BK_R |k COM | ||